Manual of Tropical Housing and Building climatic Design (Record no. 57817)

MARC details
000 -LEADER
fixed length control field 00505nam a2200181Ia 4500
008 - FIXED-LENGTH DATA ELEMENTS--GENERAL INFORMATION
fixed length control field 230524s9999 xx 000 0 und d
020 ## - INTERNATIONAL STANDARD BOOK NUMBER
ISBN 9788173716973
082 ## - DEWEY DECIMAL CLASSIFICATION NUMBER
Item number KOE
100 ## - MAIN ENTRY--AUTHOR NAME
Personal name O H Koenigsberger
245 #0 - TITLE STATEMENT
Title Manual of Tropical Housing and Building climatic Design
250 ## - EDITION STATEMENT
Edition statement 2
260 ## - PUBLICATION, DISTRIBUTION, ETC. (IMPRINT)
Place of publication New Delhi
Name of publisher New Age Pub
Year of publication 2016
300 ## - PHYSICAL DESCRIPTION
Number of Pages "XV,271p;"
500 ## - GENERAL NOTE
General note Quantity Number: 1
650 ## - SUBJECT ADDED ENTRY--TOPICAL TERM
Topical Term Civil
700 ## - ADDED ENTRY--PERSONAL NAME
Personal name ",T G Ingersoll,Alan Mayhew , S V Szokolay"
942 ## - ADDED ENTRY ELEMENTS (KOHA)
Koha item type Books
Holdings
Lost status Damaged status Permanent Location Current Location Shelving location Date acquired Full call number Accession Number Koha item type
    Central Library, Trident Academy of Technology Central Library, Trident Academy of Technology General Stacks 05/24/2023 KOE 54129 Books
Trident Academy of Technology © 2023.
All rights reserved.                                                                                                                                                                                                        Designed by Team of Central Library .

Powered by Koha